Manchester City 2017/18 Squad - Statistics

General Stats
  • This quiz has been taken 201 times
  • The average score is 19 of 24
Answer Stats
Jersey # Nationality Position Player Name % Correct
17 Belgium CAM Kevin De Bruyne
97%
10 Argentina ST Sergio Agüero
97%
1 Chile GK Claudio Bravo
95%
8 Germany CM İlkay Gündoğan
92%
5 England CB John Stones
92%
2 England RB Kyle Walker
91%
31 Brazil GK Ederson Moraes
90%
4 Belgium CB Vincent Kompany
90%
42 Ivory Coast CM Yaya Touré
90%
19 Germany LW Leroy Sané
89%
25 Brazil CDM Fernandinho
88%
7 England LW Raheem Sterling
88%
21 Spain CAM David Silva
87%
33 Brazil ST Gabriel Jesus
87%
22 France LB Benjamin Mendy
85%
20 Portugal RM Bernardo Silva
84%
30 Argentina CB Nicolás Otamendi
82%
3 Brazil RB Danilo
77%
35 Ukraine CAM Oleksandr Zinchenko
72%
80 England CM Phil Foden
57%
15 France CB Eliaquim Mangala
46%
18 England CM Fabian Delph
40%
55 Spain CAM Brahim Díaz
32%
53 England CB Tosin Adarabioyo
12%
No matching quizzes found
Score Distribution
Percent of People with Each Score
Percentile by Number Answered
Your Score History
You have not taken this quiz